Ayah & ibu izinkan aku ke syurga

Bibliographic Details
Main Author: Siti Sujinah Sarnap
Format: Book
Published: Batu Caves : Must Read Sdn Bhd , 2014
Subjects:

MARC

LEADER 00000cam a2200000 7i4500
001 0000201749
005 20160224.0
020 |a 9789670392899 
090 0 0 |a 297.577   |b SIT 
100 1 |a Siti Sujinah Sarnap 
245 1 0 |a Ayah & ibu izinkan aku ke syurga   |c Siti Sujinah Sarnap 
260 |a Batu Caves :   |b Must Read Sdn Bhd ,   |c 2014 
300 |a 310p. ;   |c 23cm. 
650 0 |a Parent and child   |x Religious aspects   |x Islam 
650 0 |a Parenting   |x Religious aspects   |x Islam 
999 |a 00315185   |b BUKU   |c PINJAMAN   |e PERPUSTAKAAN KOMUNITI PETALING JAYA 
999 |a 00315186   |b BUKU   |c PINJAMAN   |e PERPUSTAKAAN KOMUNITI CAW KOTA DAMANSARA